Špecifické prípady účtovania podnikateľov. 8
Pokračovanie článku z čísla 12/1995 - účtovanie v účtovnej triede 3 - zúčtovacie vzťahy. Účtovanie dotácií. Pohľadávky a záväzky voči spoločníkom a združeniam a iné pohľadávky a záväzky.
Saved in:
| Main Author: | |
|---|---|
| Format: | Book Chapter |
| Language: | Slovak |
| Subjects: | |
| Tags: |
No Tags, Be the first to tag this record!
|
MARC
| LEADER | 00000naa a2200000 4500 | ||
|---|---|---|---|
| 001 | r019805 | ||
| 005 | 20230811094744.1 | ||
| 041 | 0 | |a slo | |
| 044 | |a SK | ||
| 245 | 1 | 0 | |a Špecifické prípady účtovania podnikateľov. 8 |c Jana Hvoždarová |
| 520 | |a Pokračovanie článku z čísla 12/1995 - účtovanie v účtovnej triede 3 - zúčtovacie vzťahy. Účtovanie dotácií. Pohľadávky a záväzky voči spoločníkom a združeniam a iné pohľadávky a záväzky. | ||
| 610 | 2 | 0 | |a účtovníctvo podvojné |
| 610 | 2 | 0 | |a podnikatelia |
| 610 | 2 | 0 | |a vzťahy zúčtovacie |
| 610 | 2 | 0 | |a pohľadávky |
| 610 | 2 | 0 | |a záväzky |
| 610 | 2 | 0 | |a účtovanie |
| 610 | 2 | 0 | |a dotácie |
| 100 | 1 | |a Hvoždarová, Jana | |